CBSE PAST YEAR QUESTION PAPERS ENGLISH (CORE) (Record no. 591)
[ view plain ]
| 000 -LEADER | |
|---|---|
| fixed length control field | 00313nam a22001217a 4500 |
| 082 ## - DEWEY DECIMAL CLASSIFICATION NUMBER | |
| Classification number | 425 |
| Item number | DAS/E |
| 100 ## - MAIN ENTRY--AUTHOR NAME | |
| Personal name | SHIV DAS |
| 245 ## - TITLE STATEMENT | |
| Title | CBSE PAST YEAR QUESTION PAPERS ENGLISH (CORE) |
| Remainder of title | CLASS XII |
| 260 ## - PUBLICATION, DISTRIBUTION, ETC. (IMPRINT) | |
| Place of publication | DELHI |
| Name of publisher | SHIV DAS & SONS |
| 300 ## - PHYSICAL DESCRIPTION | |
| Number of Pages | 94 |
| 650 ## - SUBJECT ADDED ENTRY--TOPICAL TERM | |
| Topical Term | ENGLISH QUESTION PAPER FOR CLASS XII |
| Geographic subdivision | INDIA |
| 942 ## - ADDED ENTRY ELEMENTS (KOHA) | |
| Koha item type | Books |
| Withdrawn status | Lost status | Collection code | Home library | Current library | Shelving location | Date acquired | Source of acquisition | Cost, normal purchase price | Full call number | Accession Number | Koha item type |
|---|---|---|---|---|---|---|---|---|---|---|---|
| Reference | Main Library | Main Library | 06/05/2014 | purchase | 70.00 | 425 DAS/E | 08805 | Books |